00856nam a2200205 a 450000100100000000500170001000800410002704000250006808200290009311000270012224000180014924502690016726000360043630000200047265000350049265000110052765000340053865000390057265100390061100001606520260326111855.0091125s2000 dr r 000 0 spa d aDO-SdBNPbspacBNPHU a347.7293013bR426L, 19831 aRepública Dominicana10a[Leyes, etc.]10aLey no. 821 de organización judicial y sus modificaciones del 21 de noviembre de 1927 G.O. no. 3921, incluye las de la ley no. 50-00 que modifica los literales a)y b)la ley no. 248 del 1981, que modificó la ley de organización judicial no.821 del año 1927. aSanto Domingo :b[s.n.],c2000. a76 p. ;c21 cm. 0aAdministración de justicia  0aJueces 4aPoder judicialxLegislación 4aTribunaleszRepública Dominicana 4aRepública DominicanaxLey 821-27